| 000 | 00379cam a22001217a 4500 | ||
|---|---|---|---|
| 008 | 180718b2005 xxu||||| |||| 00| 0 eng d | ||
| 020 | _a8188987069 | ||
| 082 | _aZ Af93 | ||
| 245 |
_aAFSPA: lawless law enforcement according to the law? _cby Asian Centre for Human Rights |
||
| 260 |
_aNew Delhi _bAsian Centre for Human Rights _c2005 |
||
| 300 | _a166p. | ||
| 650 | _aLaw enforcement | ||
| 999 |
_c405599 _d405599 |
||